• 首页
  • 本馆介绍
  • 公告通知
  • 最新文献
  • 馆藏检索
  • 电子资源
  • 读者导购
  • 参考咨询
  • 我的图书馆
  • 登录
  • 详细信息显示
  • 放入我的书架
  • 预约/预借图书
  • 作者相关作品
  • 分类相关作品
  • 丛书相关作品
  • 出版社相关作品

书目信息

  • 表格格式
  • 工作单格式
  • 卡片格式
题名:
App Inventor 2与机器人程序设计
    
 
作者: 郑剑春 , 张少华 著
分册:  
出版信息: 北京   清华大学出版社  2016.8
页数: 12,184页
开本: 26cm
丛书名: 青少年科技创新丛书
单 册:
中图分类: TN929.53 , TP242
科图分类:
主题词: 移动终端--应用程序--程序设计 , 机器人--程序设计
电子资源:
ISBN: 978-7-302-44491-6
000 01134nam 2200289 450
001 0400003316
005 20171022084208.0
010    @a978-7-302-44491-6@dCNY56.00
100    @a20160909e2016 em y0chiy50 ea
101 0  @achi
102    @aCN@b110000
105    @aa z 000yy
106    @ar
200 1  @aApp Inventor 2与机器人程序设计@9App Inventor 2 yu ji qi ren cheng xu she ji@f郑剑春,张少华著
210    @a北京@c清华大学出版社@d2016.8
215    @a12,184页@c彩图@d26cm
225 1  @a青少年科技创新丛书@f郑剑春主编
330    @a本书选用目前流行的App Inventor 2作为程序设计软件,通过案例的方式使读者了解如何进行手机的程序制作,同时提供了手机控制乐高NXT、EV3以及有关FTC机器人比赛的解决方案。针对手机与互联网的发展,书中讲述了如何利用乐高机器人将传感器数据上传网络,以及如何获得数据并进行远程控制。
461  0 @12001 @a青少年科技创新丛书
606 0  @a移动终端@x应用程序@x程序设计
606 0  @a机器人@x程序设计
690    @aTN929.53@v5
690    @aTP242@v5
701  0 @a郑剑春@9zheng jian chun@4著
701  0 @a张少华@9zhang shao hua@4著
801  0 @aCN@b91MARC@c20171022
905    @b1022620-4@dTN929.53@f5@e171
    
    App Inventor 2与机器人程序设计/郑剑春,张少华著.-北京:清华大学出版社,2016.8
    12,184页:彩图;26cm.-(青少年科技创新丛书/郑剑春主编)
    
    
    ISBN 978-7-302-44491-6:CNY56.00
    本书选用目前流行的App Inventor 2作为程序设计软件,通过案例的方式使读者了解如何进行手机的程序制作,同时提供了手机控制乐高NXT、EV3以及有关FTC机器人比赛的解决方案。针对手机与互联网的发展,书中讲述了如何利用乐高机器人将传感器数据上传网络,以及如何获得数据并进行远程控制。
●
相关链接 在E读中查询图书 在五车中查询图书 在当当中查询图书 在豆瓣中查询图书


正题名:App Inventor 2与机器人程序设计     索取号:TN929.53/171         预约/预借

序号 登录号 条形码 馆藏地/架位号 状态 备注
1 1022620   210226209   第二样本阅览室/ [索取号:TN929.53/171] 在馆    
2 1022621   210226218   密集书库-物理学院/ [索取号:TN929.53/171] 在馆    
3 1022622   210226227   第三借阅区/ [索取号:TN929.53/171] 在馆    
4 1022623   210226236   第三借阅区/ [索取号:TN929.53/171] 在馆    
5 1022624   210226245   第三借阅区/ [索取号:TN929.53/171] 在馆    
唐山师范学院图书馆 欢迎您!
大连网信软件有限公司© 版权所有